Hacia una educación cristiana para la niñez de Medellín en un contexto de violencia / Edisson Hernán Restrepo Amariles (Registro nro. 34799)
[ vista simple ]
| 000 -LÍDER | |
|---|---|
| Campo fijo de descripción fija | 006970000a22001570004500 |
| 001 - NÚMERO DE CONTROL | |
| Campo de control | 4187 |
| 100 1# - ASIENTO PRINCIPAL--NOMBRE PERSONAL | |
| Nombre personal | Restrepo Amariles, Edisson Hernán |
| 245 10 - TÍTULO | |
| Título del Material | Hacia una educación cristiana para la niñez de Medellín en un contexto de violencia / Edisson Hernán Restrepo Amariles |
| 260 ## - PUBLICACIÓN, DISTRIBUCIÓN, ETC. (PIE DE IMPRENTA) | |
| Lugar de publicación, distribución, etc. | Medellín, Colombia |
| 300 ## - DESCRIPCIÓN FÍSICA | |
| Extensión | 63 Pag |
| 500 ## - NOTA GENERAL | |
| Nota General | Tesis (licenciatura)--Seminario Bíblico de Colombia |
| 942 ## - TIPO DE MATERIAL (KOHA) | |
| Tipo de Item KOHA | Libros General |
| Estado de Material | Estado de Perdido | Estado de Dañado | No para Préstamo | Colección | Tomo | Biblioteca de Origen | Biblioteca Permanente | Fecha de Adquisición | Total de Préstamos | Signatura Topográfica | Código de Barras | Última vez visto | Ejemplar/Existencia | Fecha de Remplazo | Tipo de Material |
|---|---|---|---|---|---|---|---|---|---|---|---|---|---|---|---|
| Trabajos de grado | Biblioteca FUSBC | Biblioteca FUSBC | 06/12/2004 | T R3134h | 11366 | 12/12/2019 | 1 | 26/01/2016 | Trabajos de Grado |
